000 00544nac a22001811u 4500
010 _a 77090500
082 0 0 _a621.315
_bMUL
090 _c9383
_d9383
100 _aMullin, William F.,
245 1 0 _aABC's of capacitors /
_cby William F. Mullin.
260 _aIndianapolis :
_bHoward W. Sams,1984
_cc1984.
300 _a127 p. :
_bill. ;
_c22 cm.
500 _aIncludes index.
500 _aDistributer: Al-Ahram
511 _aCatalogued by: Sara
650 0 _aCapacitors.
942 _cBB
_k621.315MUL
999 _c9383
_d9383